000 00354cam a2200145ua 4500
041 _aeng
_h
082 _a828.09
_bMUL/ST
100 _aMullik, B.R.
245 _aStudies in Prose - writers Vol.XI Burke /
_cB R Mullik.
_hTextual Documents
260 _a :
_bChand & Co ,
_c1961.
300 _a44 ; .
504 _a
942 _cBK
999 _c3391
_d3391